| 000 | 00533pab a2200181 454500 | ||
|---|---|---|---|
| 008 | 180718b2015 xxu||||| |||| 00| 0 eng d | ||
| 100 | _aKar, Subhasree | ||
| 245 | _aExploring the HRD climate in Indian IT companies | ||
| 260 | _c2015 | ||
| 300 | _ap.66-75. | ||
| 362 | _aJan-Mar | ||
| 650 | _aHuman resources development - India | ||
| 650 | _aInformation technology - India | ||
| 650 | _aHuman resources development | ||
| 700 | _aMohanty, Kalyani | ||
| 773 | _aIndian Journal of Training and Development | ||
| 909 | _a108276 | ||
| 999 |
_c108271 _d108271 |
||